Homicidios políticos perpetrados por gobiernos

保存先:
書誌詳細
団体著者: Amnistía Internacional
フォーマット: テキスト
出版事項: Madrid: Fundamentos
タグ: タグ追加
タグなし, このレコードへの初めてのタグを付けませんか!

MARC

LEADER 00000 a a2200000 04500
001 23835
003
040
020 |a 84-245-0357-0  
090 |a 164100  
110 |a Amnistía Internacional  
245 |a Homicidios políticos perpetrados por gobiernos  
260 |a Madrid:   |b Fundamentos  
300 |a 166 p   |b il.  
999 |c 10357  |d 10357